Sports Quiz

Random Sports or University Quiz

NCAA Basketball 2011: University of Southern California Quiz Stats

 Plays Quiz Updated Oct 14, 2016

Score 0/24 Timer 05:00
0 Plays Today
Hint Answers % Correct
NicknameTrojans
88.4%
ColorsCardinal and Gold
83.8%
ConferencePac-10
82.4%
CityLos Angeles, California
78.8%
First Round OpponentVirginia Commonwealth University
32.1%
Basketball ArenaGalen Center
27.4%
GuardMaurice Jones
27%
GuardBryce Jones
26.4%
GuardDonte Smith
25.6%
ForwardEvan Smith
25%
CoachKevin O'Neill
20.7%
ForwardNikola Vucevic
19.1%
Hint Answers % Correct
ForwardGarrett Jackson
17.5%
GuardJio Fontan
14.7%
All-time Leading Scorer (2,048 points)Harold Miner
13.2%
Highest NBA Scoring AlumGus Williams
12.8%
ForwardAlex Stepheson
11.7%
GuardMarcus Simmons
10.9%
ForwardCurtis Washington
8.8%
GuardJames Dunleavy
7.6%
ForwardAaron Fuller
5.9%
GuardTyler Sugiyama
5.7%
GuardDaniel Munoz
5.4%
GuardEric Strangis
4.9%

You're not logged in!

Compare scores with friends on all Sporcle quizzes.
OR
Log In

You Might Also Like...

Show Comments

Extras

Top Quizzes Today


Score Distribution

Your Account Isn't Verified!

In order to create a playlist on Sporcle, you need to verify the email address you used during registration. Go to your Sporcle Settings to finish the process.

Report this User

Report this user for behavior that violates our Community Guidelines.

Details: